Capitals of 2026 FIFA World Cup Teams - Click Map - Statistics

General Stats
  • This quiz has been taken 66 times
    12 since last reset
  • The average score is 30 of 50
Answers on the Map
Answers color-coded by a green-red scale on the quiz's map according to % correct below.
 
Answer Stats
Answer % Correct
Oslo
80%
Port au Prince
80%
Prague
80%
Stockholm
80%
Tehran
80%
Vienna
80%
Wellington
80%
Algiers
60%
Amman
60%
Amsterdam
60%
Ankara
60%
Ascuncion
60%
Berlin
60%
Bern
60%
Bloemfontein
60%
Bogota
60%
Brasilia
60%
Brussels
60%
Buenos Aires
60%
Cairo
60%
Canberra
60%
Cape Town
60%
Doha
60%
Edinburgh
60%
Kinshasa
60%
Lisbon
60%
London
60%
Madrid
60%
Mexico City
60%
Montevideo
60%
Ottawa
60%
Panama City
60%
Paris
60%
Praia
60%
Pretoria
60%
Rabat
60%
Riyadh
60%
Sarajevo
60%
Seoul
60%
Tashkent
60%
Tokyo
60%
Tunis
60%
Yamoussoukro
60%
Accra
40%
Baghdad
40%
Quito
40%
Washington D.C
40%
Zagreb
40%
Dakar
20%
Willemstad
20%
No matching quizzes found
Score Distribution
Percent of People with Each Score
Percentile by Number Answered
Your Score History
You have not taken this quiz since the last reset